000 00541nam a22001457a 4500
999 _c525824
_d525824
008 240418b ||||| |||| 00| 0 eng d
100 _aHimanshu, N.
_951750
245 _aAssisted hunting
260 _aDown to Earth
300 _aFeb 1-15, 2024: p.20-22
520 _aStates are increasingly translocation herbivores and ungulates to reserves to ensure adequate prey base for fingers. But this strategy may not prove sustainable for long. Reproduced
773 _aDown to Earth
906 _aFOREST MANAGEMENT
942 _cAR